000 00331nam a2200133Ia 4500
005 20260328101447.0
008 260328s9999||||xx |||||||||||||| ||und||
100 _aSchleifer, Simone
245 0 _aNew small Houses /
_cSimone Schleifer
260 _bEvergreen
300 _a186 p.
650 _aARQUITECTURA RESIDENCIAL
942 _cBK
999 _c8509
_d8509